El tratado secreto de 1873: su documentación

Guardat en:
Dades bibliogràfiques
Autor principal: Echeñique Gandarillas, José Miguel (Autor)
Format: Llibre
Idioma:espanyol
Publicat: Santiago Imprenta Cervantes 1931
Edició:1a. ed
Matèries:
Etiquetes: Afegir etiqueta
Sense etiquetes, Sigues el primer a etiquetar aquest registre!

MARC

LEADER 00000nam a2200000 a 4500
001 UCJ3122
003 CL-VaPUC
008 070124e19310000CL |||||||||||||||||spa|d
082 0 4 |a 983  |b ECH  |2 21 
100 |a Echeñique Gandarillas, José Miguel  |e author  |9 505379 
245 1 3 |a El tratado secreto de 1873: su documentación 
250 |a 1a. ed 
300 |a 144 p 
942 |c BK 
945 |d 20070124 00:00:00  |a rinostro 
260 |a Santiago  |b Imprenta Cervantes  |c 1931 
500 |a Numerosa documentación relacionada con el Tratado secreto de 1873 
600 0 7 |a RIVA-AGUERO, JOSE DE LA  |2 CL-VaPUC  |9 430971 
600 0 7 |a ROSAS, FRANCISCO  |2 CL-VaPUC  |9 504553 
600 0 7 |a SANCHEZ, JOSE EUSEBIO   |2 CL-VaPUC  |9 504554 
650 0 |a Diplomacia Chilena  |9 447165 
650 0 |a Guerra del Pacífico  |9 314886 
650 7 |a TRATADOS Y CONVENCIONES  |2 CL-VaPUC  |9 504340 
650 7 |a DIPLOMACIA PERUANA  |2 CL-VaPUC  |9 504555 
650 0 |a Diplomacia Boliviana  |9 447164 
650 7 |a DOCUMENTOS  |2 CL-VaPUC  |9 366450 
650 0 |a Historia de Chile  |9 265473 
651 0 |a Bolivia  |9 255454 
651 7 |a CHILE  |2 CL-VaPUC  |9 504556 
651 0 |a Perú  |9 256567 
583 |a last modification  |c 20070124 00:00:00  |k Rodrigo Vera 
999 |c 319245  |d 319243 
952 |0 0  |1 0  |4 0  |6 983_000000000000000_ECH_1931  |7 0  |8 X  |9 397514  |a FDOBUD  |b FDOBUD  |d 2019-11-22  |i 1009532  |o 983 ECH 1931  |p 1009532  |r 2019-11-22  |w 2019-11-22  |y BK_X  |k BUD